Central Library OPAC University of Rajshahi

A history of Indian dress / (Record no. 46119)

MARC details
000 -LEADER
fixed length control field 00719nam a2200241 a 4500
001 - CONTROL NUMBER
control field 46119
003 - CONTROL NUMBER IDENTIFIER
rucl marc code BD-RjUL
005 - DATE AND TIME OF LATEST TRANSACTION
control field 20211209054118.0
008 - FIXED-LENGTH DATA ELEMENTS--GENERAL INFORMATION
fixed length control field 160731s1961 ii a b 00110 eng
035 ## - SYSTEM CONTROL NUMBER
System control number (BD-RjUL) 46237
System control number 1081887
040 ## - CATALOGING SOURCE
Original cataloging agency ANL
Language of cataloging eng
Modifying agency BD-RjUL
Transcribing agency BD-RjUL
041 ## - LANGUAGE CODE
Language code of text/sound track or separate title eng
082 ## - DEWEY DECIMAL CLASSIFICATION NUMBER
Edition number 23
Classification number 391.0954
Author mark and year FAS 1961
100 1# - MAIN ENTRY--PERSONAL NAME
Personal name Fabri, Charles Louis,
Dates associated with a name 1899-
9 (RLIN) 140971
245 12 - TITLE STATEMENT
Title A history of Indian dress /
Statement of responsibility, etc. by Charles Fabri. Illustrated by the author
260 ## - PUBLICATION, DISTRIBUTION, ETC. (IMPRINT)
Place of publication, distribution, etc. Calcutta,
Name of publisher, distributor, etc. Orient Longmans
Date of publication, distribution, etc. c1961
300 ## - PHYSICAL DESCRIPTION
Pagination vi, 106 p. :
Illustrations ill. ;
Size 25 cm.
500 ## - GENERAL NOTE
General note Includes index.
504 ## - BIBLIOGRAPHY, ETC. NOTE
Bibliography, etc Bibliography: p. [95]-97.
650 #0 - SUBJECT ADDED ENTRY--TOPICAL TERM
Topical term or geographic name as entry element Costume
Geographic subdivision India
General subdivision History.
9 (RLIN) 140972
942 ## - ADDED ENTRY ELEMENTS (KOHA)
Source of classification or shelving scheme Dewey Decimal Classification
Koha item type Books
Holdings
Lost status Source of classification or shelving scheme Damaged status Not for loan Collection code Permanent Location Current Location Shelving location Date acquired Source of acquisition Cost, normal purchase price Total Checkouts Full call number Date last seen Copy number Koha item type
  Dewey Decimal Classification     Non-fiction Central Library, University of Rajshahi Central Library, University of Rajshahi Electronic Books 19/07/1968 Zuitlinger 9.00   391.0954 FAS 1961 31/07/2016 C-2 Books
  Dewey Decimal Classification   Not For Loan Non-fiction Central Library, University of Rajshahi Central Library, University of Rajshahi Reading Room 05/06/1965 Orientalia 3.75   391.0954 FAS 1961 24/05/2017 C-1 Books